header

The Routledge reader in politics and performance (Record no. 65205)

MARC details
000 -LEADER
fixed length control field 01454nam a2200361Ia 4500
082 04 - DEWEY DECIMAL CLASSIFICATION NUMBER
Classification number 320
245 04 - TITLE STATEMENT
Title The Routledge reader in politics and performance
260 ## - PUBLICATION, DISTRIBUTION, ETC. (IMPRINT)
Place of publication London ;
-- New York :
Name of publisher Routledge,
Year of publication 2000.
300 ## - PHYSICAL DESCRIPTION
Number of Pages xxvii, 322 p.
650 00 - SUBJECT ADDED ENTRY--TOPICAL TERM
Topical Term Political science
Topical Term Political science
Topical Term Performance art
Topical Term Theater
700 1# - ADDED ENTRY--PERSONAL NAME
Personal name Goodman, Lizbeth,
Personal name De Gay, Jane,
856 40 - ELECTRONIC LOCATION AND ACCESS
Uniform Resource Identifier http://site.ebrary.com/lib/rucke/Doc?id=10054189

No items available.

© 2026 Rongo University
Contact us: librarian | system librarian | Rongo university